000 00791nam a2200253 i 4500
001 000027941
003 DO-SdBNP
005 20230623134913.0
008 110405s1988 dr r 001 0 spa d
040 _aDO-SdBNP
_bspa
_cBNPHU
_erda
082 4 _a234.5
_bR758L
_222
100 1 _aRomán, José R.
_955004
_eautor
245 1 3 _aLa vida que nace del perdón /
_cJosé R. Román.
264 _aSanto Domingo :
_bAmigo del Hogar,
_c1988
300 _a48 páginas ;
_c22 cm.
336 _2rdacontent
_atexto
_btxt
337 _2rdamedia
_a sin mediación
_bn
338 _2rdacarrier
_avolumen
_bnc
590 _aInventariado, 2020/BT
650 4 _aPerdón de los pecados
_955005
650 4 _aPerdón
_xMeditaciones
_919053
910 _aValidado. Control de calidad EMS
942 _2ddc
_cLF2
999 _c27433
_d27433